| 000 | 00836cam a2200217 a 4500 | ||
|---|---|---|---|
| 001 | 000013237 | ||
| 005 | 20200929163155.0 | ||
| 008 | 010122s2000 ve a 000 0 spa d | ||
| 020 | _a9803171682 | ||
| 040 |
_aDO-SdBNP _bspa _cBNPHU |
||
| 082 |
_a333.31 _bU47r |
||
| 245 | 0 | 3 |
_aLa última reforma agraria del siglo : _bla agricultura cubana entre el cambio y el estancamiento / _ceditor, Hans-Jürgen Burchardt. |
| 260 |
_aCaracas : _bNueva Sociedad, _c2000. |
||
| 300 |
_a268 p. : _bil. ; _c23 cm. |
||
| 504 | _aIncluye referencias bibliográficas y notas al pie de las páginas. | ||
| 650 | 4 |
_aAgricultura y estado _zCuba _930393 |
|
| 650 | 4 |
_aReforma agraria _zCuba. _930394 |
|
| 650 | 4 |
_aAgricultura _xAspectos económicos _zCuba. _930395 |
|
| 700 | 1 | 2 |
_aBurchardt, Hans-Jürgen, _eed. _930396 |
| 910 | _aValidado. Control de calidad MFF | ||
| 999 |
_c12869 _d12869 |
||